000 00596cam a22002053a 4500
001 33977
003 PGUSA
005 20140828083732.0
008 100927s2010||||xxu|||||s|||||000 | eng d
040 _aPGUSA
_beng
042 _adc
100 1 _aRuck, Berta,
_d1878-1978
245 1 0 _aMiss Million's Maid :
_bA Romance of Love and Fortune
_h[electronic resource] /
_cBerta Ruck
260 _bProject Gutenberg,
_c2010
506 _aPublic domain in the USA.
516 _aElectronic text
830 0 _aProject Gutenberg
_v33977
856 4 0 _uhttp://www.gutenberg.org/ebooks/33977
942 _cEB
999 _c263232
_d263232